| 000 | 00403nam a22001817a 4500 | ||
|---|---|---|---|
| 003 | NUST | ||
| 020 | _a9788131722275 | ||
| 038 | _akhadija | ||
| 082 |
_a670.42 _bSIN |
||
| 100 |
_aSingh, D. K. _986676 |
||
| 245 | _aManufacturing Technology | ||
| 250 | _a2nd ed. | ||
| 260 |
_aNew Delhi : _bPearson, _c2009. |
||
| 300 |
_ai v p. ; _b24 cm. |
||
| 500 | _aPaperback. | ||
| 563 | _aPB | ||
| 942 |
_cBK _2ddc |
||
| 999 |
_c33446 _d33446 |
||